| 000 | 00481nam a2200133Ia 4500 | ||
|---|---|---|---|
| 005 | 20260209120138.0 | ||
| 008 | 260209s9999||||xx |||||||||||||| ||und|| | ||
| 100 | _aMimansha Jaishal | ||
| 245 | 0 | _aDefinition of crime of aggression and jurisdiction of international criminal court | |
| 260 |
_aBangaloreBangalore _bNLSIU _c2017 |
||
| 300 | _a132 p. ; 25 cm. | ||
| 700 | _aProf. H K Nagaraja - GuideProf. H K Nagaraja - Guide | ||
| 856 | _uhttps://dans.nls.ac.in/handle/123456789/1587 | ||
| 999 |
_c217315 _d217315 |
||